000 02991cam a22005294i 4500
003 PE-LiUPU
005 20250731165552.0
008 150625s r 000 0 d
035 _a(Sirsi) a34573
035 _a(Sirsi) a34573
040 _aPE-LiUPU
_bspa
_cPE-LiUPU
_erda
082 0 4 _a985.04
_bL521h
_223
100 1 _aLeguía y Martínez, Germán,
_eautor.
245 1 0 _aHistoria de la emancipación del Perú :
_bel protectorado
_n7 /
_cGermán Leguía y Martínez ; prólogo de Alberto Tauro.
264 1 _aLima :
_bComisión Nacional del Sesquicentenario de la Independencia del Perú,
_c1972.
300 _a566 páginas ;
_c24 centímetros.
336 _atext
_2rdacontent
337 _aunmediated
_2rdamedia
338 _avolume
_2rdacarrier
500 _aPublicaciones de la Comisión Nacional del Sesquicentenario de la Independencia del Perú. Año de los censos nacionales.
505 _aLA CUESTION DE GUAYAQUIL. BOLIVAR Y EL PROTECTOR -- Guayaquil, provincia peruana -- Independencia de Guayaquil. EI peruano Escobedo -- La controversia. Guido y Mires -- -La controversia (conclusión). Sucre y Salazar -- Bolívar frente a San Martín -- La violencia. La anexión -- El encuentro -- Las fuentes de la entrevista -- ASUNTOS EXTERIORES -- La misión Mosquera. Esbozos de panamericanismo. Los primeros pactos -- Primera cuestión de límites -- Nuevas misiones diplomáticas. Primeros buenos oficios interpuestos por el gobierno del Perú -- Nuevas reclamaciones diplomáticas. Negociaciones con España y con los españoles -- LOS TREINTA DIAS -- La reasunción del mando. Actos postrimeros -- Primer Congreso Constituyente. Convocatorias, fracasos, moratorias y protestas -- Primer Congreso Constituyente. Elección definitiva y reunión -- La inauguración. La dimisión -- La deserción -- Ostracismo, oscuridad y silencio. La apoteosis y el juicio de la Historia -- Ostracismo, oscuridad silencio. La apoteosis y el juicio de la Historia (conclusión).
526 _aSEG44
526 _aSEG26
526 _aP151
526 _aP150
526 _aP149
526 _aP146
526 _aP145
526 _aP126
526 _aP125
526 _aP92
526 _aP75
526 _aP74
526 _aP27
526 _aP15
600 1 _aSan Martín, José de.
_d1778-1850
600 1 _aReyes y Buitrón, Andrés.
_d1780-1856
600 1 _aTorre Tagle, José Bernardo Tagle y PortocarreroMarqués de.
_d1779-1825
650 0 4 _aPanamericanismo.
651 _aPerú
_xHistoria
_yExpedición Libertadora, 1808-1824
651 _aArgentina
_xHistoria
_yEmancipación, 1810-1817
651 _aChile
_xHistoria
_yEmancipación, 1810-1830.
942 _2ddc
_cBK
949 _aRC 985.04 D 39 / 7
_wDEWEY
_c1
_i17076
_lRC
_mBUL
_r0
_sY
_tBOOK
_u2015-6-25
_xBIBLIOTECA
_zUNKNOWN
_0COMPRA
_o.CIRCNOTE. No olvidar cambiar la fecha de devolución!!!!!!!
_o.STAFF. Colección General
980 _81
_gALBERTO SANCHEZ Responsable de Automatización
999 _c42444
_d42444